| 000 | 00661nam a2200217 i 4500 | ||
|---|---|---|---|
| 001 | 23435 | ||
| 003 | ES-MaACL | ||
| 007 | t| | ||
| 008 | 021210s1985 sp ||||1| spa d | ||
| 020 | _a84-7223-627-7 | ||
| 100 | 0 |
_aAllen, Woody, _d1935- _920005 |
|
| 245 | 1 | 0 |
_aNo te bebas al agua / _cWoody Allen ; traducción de José Luis Guarner. |
| 260 |
_a[Barcelona] : _bTusquets, _c1985. |
||
| 300 |
_a195 p. ; _c18 cm. |
||
| 490 | 1 |
_aCuadernos ínfimos ; _v127 |
|
| 500 | _aIndice. | ||
| 700 | 1 |
_aGuarner, José Luis. _960339 |
|
| 830 | 0 |
_aCuadernos ínfimos ; _v127 _9180855 |
|
| 852 |
_aES-MaACL _jL-8638 _bR.109036 |
||
| 999 |
_c23435 _d23435 |
||